000 00721nam a2200217 i 4500
001 130508
003 ES-MaACL
007 t|
008 070731s1985 sp ||||1| spa d
020 _a84-320-5835-1
100 1 _aZaragoza, Cristóbal.
_9118028
245 1 0 _aActa de defunción
_b: una reflexión sobre la violencia de los españoles /
_cCristóbal Zaragoza.
250 _a[1ª ed.].
260 _aBarcelona :
_bPlaneta,
_c1985.
300 _a185 p. :
_bil. ;
_c24 cm.
490 1 _aEspejo de España. Serie La guerra civil
650 1 4 _aViolencia-
_zEspaña-
_yS.XX.
_917816
830 0 _aEspejo de España. Serie La guerra civil
_9226567
852 _aES-MaACL
_jL-7727
_bR.108335
999 _c130508
_d130508